A To Z About DOS 6.0 (Record no. 292486)

MARC details
000 -LEADER
fixed length control field 00441nam a2200169Ia 4500
008 - FIXED-LENGTH DATA ELEMENTS--GENERAL INFORMATION
fixed length control field 230718s9999 xx 000 0 und d
041 ## - LANGUAGE CODE
Language code of text/sound track or separate title eng
082 ## - DEWEY DECIMAL CLASSIFICATION NUMBER
Classification number 005.43
Item number FER
100 ## - MAIN ENTRY--PERSONAL NAME
Personal name Fernandes L.
9 (RLIN) 122190
245 ## - TITLE STATEMENT
Title A To Z About DOS 6.0
260 ## - PUBLICATION, DISTRIBUTION, ETC. (IMPRINT)
Date of publication, distribution, etc. 1994
Name of publisher, distributor, etc. Vision Books
300 ## - PHYSICAL DESCRIPTION
Extent 704
Accompanying material [OBSOLETE, CAN/MARC] Ref 1268 C (3591)
365 ## - TRADE PRICE
Currency code Rs.
Price amount 145.00
500 ## - GENERAL NOTE
Keywords 1268 C
700 ## - ADDED ENTRY--PERSONAL NAME
Personal name Fernandes L.
9 (RLIN) 122190
906 ## - LOCAL DATA ELEMENT F, LDF (RLIN)
d B:161207-Jun-1994
c COMP
b 21.75
Holdings
Withdrawn status Lost status Damaged status Not for loan Home library Current library Date acquired Vendor Budget Code Cost, normal purchase price Bill number Total Checkouts Full call number Barcode Date last seen Discount Cost, replacement price Bill Date Koha item type Original Barcode
        Cummins College of Engineering for Women Pune Cummins College of Engineering for Women Pune 18/06/1994 Technical Book Services COMP 123.25 1612   005.43 CCEP-BK-3591 18/07/2023 21.75 145.00 07/06/1994 Books 003591